Central Library OPAC University of Rajshahi

Comparative Studies on Fish diversity in the Chalan Beel before and after Establishment of Fish Sanctuary / (Record no. 84094)

MARC details
000 -LEADER
fixed length control field 01111nam a2200253 a 4500
003 - CONTROL NUMBER IDENTIFIER
rucl marc code BD-RjUL
005 - DATE AND TIME OF LATEST TRANSACTION
control field 20250722113700.0
008 - FIXED-LENGTH DATA ELEMENTS--GENERAL INFORMATION
fixed length control field 250722s2023 bg a|||| m||| 00| 0 eng d
035 ## - SYSTEM CONTROL NUMBER
system control number (BD-RjUL)
040 ## - CATALOGING SOURCE
Original cataloging agency BD-RjUL
Language of cataloging eng
Transcribing agency BD-RjUL
Modifying agency BD-RjUL
041 ## - LANGUAGE CODE
Language code of Book eng
082 ## - DEWEY DECIMAL CLASSIFICATION NUMBER
DDC Edition number 23
Classification number 597.0954922
Author mark and Year SHC 2023
100 ## - MAIN ENTRY--PERSONAL NAME
Personal name Shikha, Sadicunnahar
9 (RLIN) 16172
245 10 - TITLE STATEMENT
Title Comparative Studies on Fish diversity in the Chalan Beel before and after Establishment of Fish Sanctuary /
Statement of responsibility, etc By Sadicunnahar Shikha ;
Name of Supervisor/Co-Supervisor Supervisor : Md. Delwer Hossain ; Co-Supervisor : Dil Afroza Khanom
260 ## - PUBLICATION, DISTRIBUTION, ETC. (IMPRINT)
Place of publication, distribution, etc Rajshahi :
Name of publisher, distributor, etc Department of Fisheries, University of Rajshahi,
Date of publication, distribution, etc 2023
300 ## - PHYSICAL DESCRIPTION
Pagination xi, 43 Leaves :
Other physical details ill, ;
Dimensions 29 cm.
502 ## - DISSERTATION NOTE
Dissertation note Thesis (M. Phil.) -- Department of Fisheries Faculty of Fisheries, University of Rajshahi, 2023
504 ## - BIBLIOGRAPHY, ETC. NOTE
Bibliography, etc References : Leaves 38-43
650 ## - SUBJECT ADDED ENTRY--TOPICAL TERM
Topical term or geographic name as entry element Fishes
General subdivision Variation
Geographic subdivision Bangladesh, Natore, Chalan Beel
9 (RLIN) 16169
Topical term or geographic name as entry element Freshwater fishes
Geographic subdivision Bangladesh
9 (RLIN) 16170
700 ## - ADDED ENTRY--SUPERVISOR/CO-SUPERVISOR NAME
Personal name Hossain, Md. Delwer, Supervisor
9 (RLIN) 7831
Personal name Khanom, Dil Afroza, Co-Supervisor :
9 (RLIN) 16168
942 ## - ADDED ENTRY ELEMENTS (KOHA)
Source of classification or shelving scheme Dewey Decimal Classification
Koha item type Theses
Holdings
Source of classification or shelving scheme Damaged status Not for loan Permanent Location Current Location Shelving location Date of accession Source of acquisition Total Checkouts Full call number Barcode Date last seen Copy number Thesis
Dewey Decimal Classification   Not For Loan Central Library, University of Rajshahi Central Library, University of Rajshahi Documentation Section 20/07/2025 Controller of Examination Office, University of Rajshahi, Rajshahi.   THE 597.0954922 SHC 2023 D5169 22/07/2025 C-1 Theses